000
00250nam a22001097a 4500
008
180803b xxu||||| |||| 00| 0 eng d
082
_a
813.52
245
_a
Pulmonary System
_c
Medi-Sim
300
_a
1
_f
CD
440
_x
0-7817-3001-5
942
_2
ddc
_c
MX
999
_c
46783
_d
46783